| Tag |
First Indicator |
Second Indicator |
Subfields |
| LEADER |
00000cas a2200000 a 4500 |
| 001 |
in00001168621 |
| 005 |
20151001072314.0 |
| 007 |
he bmb024bbca |
| 008 |
931201d19891990dcuar b f0 0eng d |
| 010 |
|
|
|a gp 94068204
|
| 010 |
|
|
|a sn 93044024
|
| 035 |
|
|
|a (OCoLC)29408673
|
| 035 |
|
|
|9 AGE4695AM
|
| 040 |
|
|
|a DGPO
|c DGPO
|d DLC
|d UtOrBLW
|
| 042 |
|
|
|a lcd
|
| 043 |
|
|
|a n-us---
|
| 074 |
|
|
|a 0830-D (MF)
|
| 086 |
0 |
|
|a NAS 1.15/3:
|
| 245 |
0 |
4 |
|a The Program and plans for FY ... /
|c NASA, Earth Science and Applications Division.
|
| 246 |
1 |
0 |
|a NASA Earth Science and Applications Division--the program and plans for FY ...
|
| 264 |
|
1 |
|a Washington, D.C. :
|b NASA,
|c 1987-1988.
|
| 300 |
|
|
|a 2 volumes :
|b illustrations ;
|c 28 cm.
|
| 310 |
|
|
|a Annual
|
| 336 |
|
|
|a text
|b txt
|2 rdacontent
|
| 337 |
|
|
|a microform
|b h
|2 rdamedia
|
| 338 |
|
|
|a microfiche
|b he
|2 rdacarrier
|
| 362 |
0 |
|
|a 1987-1988-1989-1988-1989-1990.
|
| 500 |
|
|
|a Issue for 1988-90 has title on microfiche header: NASA earth Science and Applications Division--the program and plans for FY ....
|
| 533 |
|
|
|a Microfiche.
|m 1988-90.
|b [Washington, D.C.? :
|c National Aeronautics and Space Administration,
|d 1991].
|e 2 microfiches : negative.
|f (NASA-TM).
|
| 500 |
|
|
|a Microform.
|
| 650 |
|
0 |
|a Earth sciences
|x Research
|z United States
|x Periodicals.
|
| 610 |
1 |
0 |
|a United States.
|b National Aeronautics and Space Administration.
|b Earth Science and Applications Division
|x Periodicals.
|
| 710 |
1 |
|
|a United States.
|b National Aeronautics and Space Administration.
|b Earth Science and Applications Division.
|
| 776 |
1 |
|
|c Original
|w (DLC) 88641449
|w (OCoLC)17673463
|
| 785 |
0 |
0 |
|a United States. National Aeronautics and Space Administration. Earth Science and Applications Division.
|t Highlights of the year ...
|w (DLC)sn 93028911
|w (OCoLC)29291290
|
| 830 |
|
0 |
|a NASA technical memorandum.
|
| 949 |
|
|
|a updated
|b h
|c 2007/12/07
|e revaughan
|f 9:41:31 am
|
| 999 |
|
|
|a MARS
|
| 999 |
f |
f |
|s 418039cc-59b7-3271-a3f6-40a02dea3296
|i 408649a5-ff0f-3a2a-b470-ea029f6fe15b
|t 0
|
| 952 |
f |
f |
|p normal
|a Texas A&M University
|b College Station
|c Sterling C. Evans Library
|d Evans: US Documents (Annex 5th floor)
|t 0
|e NAS 1.15/3:
|h Superintendent of Documents classification
|i microform -- microfiche
|k 1988-1990
|m A14836949742
|
| 952 |
f |
f |
|p normal
|a Texas A&M University
|b College Station
|c Sterling C. Evans Library
|d Evans: US Documents (Annex 5th floor)
|t 0
|e NAS 1.15/3:
|h Superintendent of Documents classification
|i microform -- microfiche
|k 1987/989
|m A14836435662
|
| 998 |
f |
f |
|a NAS 1.15/3:
|s 1988-1990=v.2
|t 0
|l Evans: US Documents (Annex 5th floor)
|